00877nam a2200229 a 45000010009000000050017000090080041000260200019000670200015000860400048001010410008001492450130001572600057002873000023003444900040003675040053004076500048004606500033005086500050005417000026005917000030006171495736120161007114919.0070808s2007 xxu frw 001 0 eng  a9783211369579  a3211369570 aCo-BoUCMbspacEdgar PinilladEdgar Pinilla0 aeng00aEssential cases on natural causation cBénédict Winiger...[y otros], (eds.) ; contributors, Håkan Andersson...[y otros] aNew York (Estados Unidos)bSpringerWienNewYorkc2007 axxi, 632 páginas0 aDigest of European tort law ;vv. 1 aIncluye referencias bibliográficas e índices04aProcedimiento penal (Derecho internacional)04aDaños y perjuicioszEuropa04aResponsabilidad penal (Derecho internacional)1 aWiniger, Bénédict1 aAndersson, Håkand1959-